000 00532nam a22001937a 4500
003 OSt
005 20260429115106.0
008 260429b |||||||| |||| 00| 0 eng d
020 _a9789353675356
040 _bEnglish
_cCentral Library IIT Goa
082 _a531
_bUPA
100 _aUpadhyaya, J. C.
_eauthor
_93788
245 _aClassical Mechnaics /
_c J. C. Upadhyaya
260 _aMumbai:
_bHimalaya Publishing House,
_c2026
300 _a554p.
650 _aClassical Mechanics
_93493
650 _aPhysics
_962
942 _2ddc
_cBK
999 _c1914
_d1914